Porovnanie konkurencieschopnosti slovenskej ekonomiky s ostatnými krajinami diplomová práca

Enregistré dans:
Détails bibliographiques
Auteur principal: Vaľková, Denisa
Collectivité auteur: Národohospodárska fakulta EU. Katedra hospodárskej politiky
Autres auteurs: Fliegová, Jana
Format: Livre
Langue:slovaque
Publié: Bratislava 2010
Tags: Ajouter un tag
Pas de tags, Soyez le premier à ajouter un tag!

MARC

LEADER 00000nam a2200000 4500
001 0120344
005 20240318123133.9
041 0 |a slo 
044 |a SK 
245 1 0 |a Porovnanie konkurencieschopnosti slovenskej ekonomiky s ostatnými krajinami  |b diplomová práca  |c Denisa Vaľková ; škol. Jana Fliegová 
264 1 |a Bratislava  |c 2010 
300 |a 75 s. 
100 1 |a Vaľková, Denisa 
700 1 |a Fliegová, Jana 
710 2 |a Národohospodárska fakulta EU. Katedra hospodárskej politiky